000 00623nam a2200181Ia 4500
008 151202s9999||||xx |||||||||||||| ||und||
082 _bPNVM-59381
100 _aगावस चंद्रकांत.
245 _aवळवाचा पाऊस.
260 _b"प्रियदर्शी प्रकाशन,कोल्हापूर."
260 _c59381
300 _a150
600 _aगावस चंद्रकांत.
630 _aवळवाचा पाऊस.
700 _aगावस चंद्रकांत.
730 _aवळवाचा पाऊस.
942 _cBOOK
999 _c1325915
_d1325912